00298nam a2200085Ia 4500008004100000041000800041100002100049245008800070260005400158241105s9999 xx 000 0 und d aeng aMadelwar Apurva. aRestoration Strategies For Abandoned Quarries In Urban Areas Case Of Pune. .-1st Ed bBNCA M Arch Environment Architecture., Punec2019